LEADER 00764nlm2 2200253 z-450 001 996448446503316 005 20211221110354.0 100 $a20190707c1934---- -u- - 101 0 $aeng 102 $aUS 135 $adrcnu 200 1 $a<<2.:>> <> settlements$fCharles M. Andrews 210 1 $aNew Haven$aLondon$cYale university press$d1934 215 $aTesto elettronico (PDF) (407 p. ) 230 $aBase dati testuale 461 $1001996448446703316$a<> colonial period of American history 606 0 $aColonie inglesi$yAmerica settentrionale$xStoria$zSec. 17.-18.$2BNCF 676 $a973.2 700 1$aANDREWS,$bCharles$088584 912 $a996448446503316 959 $aEB 969 $aER 996 $aSettlements$92558331 997 $aUNISA LEADER 00963nam a2200241 i 4500 001 991002631499707536 005 20020503171514.0 008 001103s1914 it ||| | lat 035 $ab10392658-39ule_inst 035 $aEXGIL107255$9ExL 040 $aBiblioteca Interfacoltà$bita 082 0 $a873.01 100 1 $aPascal, Carlo$0170205 245 10$aEpicurei e mistici :$bil carattere morale di Mecenate, Petronio Arbitro, i misteri greci, Euripide mistico? Leopardi e il cristianesimo, Federigo Amiel, Maurizio de Guérin /$cCarlo Pascal 260 $aCatania :$bBattiato,$c1914 300 $aVII, 157 p. ;$c25 cm. 650 4$aPetronio Arbitro 907 $a.b10392658$b02-04-14$c27-06-02 912 $a991002631499707536 945 $aLE002 Fr. IV F 39$g1$i2002000956101$lle002$o-$pE0.00$q-$rn$so $t0$u0$v0$w0$x0$y.i10458803$z27-06-02 996 $aEpicurei e mistici$9220390 997 $aUNISALENTO 998 $ale002$b01-01-00$cm$da $e-$flat$git $h0$i1